Связи с общественностью в социальной сфере: ценностно-ориентированный подход к PR-практике Монография
В работе проанализирован исторический и современный отечественный и зарубежный опыт привлечения средств для развития социальной сферы выявлены технологии формирования позитивного отношения в обществе к благотворительности и другим способам поддержки социальных проектов раскрыты разнообразные формы в...
Αποθηκεύτηκε σε:
| Κύριος συγγραφέας: | |
|---|---|
| Μορφή: | Монография |
| Έκδοση: | 1 |
| Διαθέσιμο Online: | https://znanium.com/catalog/document?id=206628 https://znanium.com/cover/0523/523515.jpg |
| Ετικέτες: |
Προσθήκη ετικέτας
Δεν υπάρχουν, Καταχωρήστε ετικέτα πρώτοι!
|
| LEADER | 02778nam0a2200313 i 4500 | ||
|---|---|---|---|
| 001 | RU\infra-m\znanium\bibl\523515 | ||
| 003 | https://znanium.com/catalog/document?id=206628 | ||
| 005 | 20210702000000.0 | ||
| 010 | |a 978-5-16-103662-4 |b электр. издание | ||
| 100 | |a 20210702d2016 m y0rusy0150 ca | ||
| 101 | 0 | |a rus | |
| 102 | |a RU | ||
| 200 | 1 | |a Связи с общественностью в социальной сфере: ценностно-ориентированный подход к PR-практике |e Монография |f Российский экономический университет им. Г.В. Плеханова | |
| 205 | |a 1 | ||
| 210 | 1 | |a Москва |c ООО "Научно-издательский центр ИНФРА-М" |d 2015 | |
| 215 | |a 128 с. | ||
| 330 | |a В работе проанализирован исторический и современный отечественный и зарубежный опыт привлечения средств для развития социальной сферы выявлены технологии формирования позитивного отношения в обществе к благотворительности и другим способам поддержки социальных проектов раскрыты разнообразные формы взаимодействия организаций социальной сферы и бизнеса обоснованы эффективные модели социального партнерства. Данная монография адресована слушателям системы дополнительного профессионального образования — руководителям и специалистам по связям с общественностью организаций социальной сферы. | ||
| 333 | |a ВО - Магистратура | ||
| 606 | |a Реклама. Маркетинг. PR |x PR (Паблик рилейшнз) |2 local | ||
| 608 | |a Монография |2 local | ||
| 675 | |a 316 |z rus | ||
| 675 | |a 659 |z rus | ||
| 686 | |a 605 |2 rubbk | ||
| 686 | |a 39.04.02 |2 okso | ||
| 686 | |a 42.04.01 |2 okso | ||
| 700 | 1 | |a Осипова |b Е.А. |g Елена Анатольевна |p Российский экономический университет им. Г.В. Плеханова | |
| 801 | 0 | |a RU |b Общество с ограниченной ответственностью «ЗНАНИУМ» |c 20150804 |2 rusmarc | |
| 856 | 4 | |a znanium.com |m ebs_support@infra-m.ru |n НИЦ ИНФРА-М |u https://znanium.com/catalog/document?id=206628 | |
| 856 | 4 | 1 | |a znanium.com |d /cover/0523 |f 523515.jpg |q image/jpeg |u https://znanium.com/cover/0523/523515.jpg |